|
|
|
|
| LEADER |
02074nam a2200433 a 4500 |
| 001 |
28597 |
| 003 |
BD-DhAAL |
| 005 |
20250723172410.0 |
| 008 |
141119s2003 enk 000 1 eng d |
| 010 |
|
|
|a 2004401570
|
| 020 |
|
|
|a 9780747566533
|
| 020 |
|
|
|a 0747566526 (cased)
|
| 020 |
|
|
|a 0747566534
|
| 020 |
|
|
|a 0747566992 (export pbk.)
|
| 035 |
|
|
|a (OCoLC)ocm53391948
|
| 040 |
|
|
|a UKM
|c UKM
|d DLC
|d BD-DhAAL
|
| 042 |
|
|
|a lccopycat
|
| 043 |
|
|
|a a-af---
|
| 050 |
0 |
0 |
|a PS3608.O832
|b K58 2003c
|
| 082 |
0 |
0 |
|a 813/.6
|2 22
|
| 100 |
1 |
|
|a Hosseini, Khaled.
|9 6079
|
| 245 |
1 |
4 |
|a The kite runner /
|c Khaled Hosseini.
|
| 260 |
|
|
|a London :
|b Bloomsbury,
|c c2003, 2004.
|
| 300 |
|
|
|a vii, 324 pages,
|c 22 cm.
|
| 500 |
|
|
|a LC copy signed by author.
|5 DLC
|
| 541 |
|
|
|a Donated by Farhana Zahir (Assistant Professor, BBS, BRAC University)
|e 28597, 44510
|
| 650 |
|
0 |
|a Male friendship
|v Fiction.
|9 6081
|
| 650 |
|
0 |
|a Social classes
|v Fiction.
|9 5629
|
| 650 |
|
0 |
|a Betrayal
|v Fiction.
|9 6082
|
| 650 |
|
0 |
|a Boys
|v Fiction.
|9 5640
|
| 651 |
|
0 |
|a Kabul (Afghanistan)
|v Fiction.
|9 6083
|
| 651 |
|
0 |
|a Afghanistan
|v Fiction.
|9 6084
|
| 655 |
|
7 |
|a Bildungsromans.
|
| 852 |
|
|
|a Ayesha Abed Library
|c General Stacks
|
| 942 |
|
|
|2 ddc
|c BK
|
| 999 |
|
|
|c 33084
|d 33084
|
| 952 |
|
|
|0 0
|1 0
|2 ddc
|4 0
|6 813_600000000000000_HOS
|7 0
|9 44111
|a BRACUL
|b BRACUL
|c GEN
|d 2014-11-19
|e BRAC Institute of Language (BIL)
|l 7
|m 121
|o 813.6 HOS
|p 3010028597
|q 2026-05-21
|r 2026-04-06
|s 2026-04-06
|t 1
|w 2014-11-19
|y BK
|x Transferred from BIL to BRACUL on 06/06/22
|
| 952 |
|
|
|0 0
|1 0
|2 ddc
|4 0
|6 813_600000000000000_HOS
|7 0
|9 44116
|a BRACUL
|b BRACUL
|c GEN
|d 2014-11-22
|e BRAC Institute of Language (BIL)
|l 14
|m 82
|o 813.6 HOS
|p 3010028596
|q 2026-06-02
|r 2026-04-07
|s 2026-04-07
|t 2
|w 2014-11-22
|y BK
|x Transferred from BIL to BRACUL on 06/06/22
|
| 952 |
|
|
|0 0
|1 0
|2 ddc
|4 0
|6 813_600000000000000_HOS
|7 0
|9 77900
|a BRACUL
|b BRACUL
|c NEW
|d 2025-07-23
|e Donated by Farhana Zahir (Assistant Professor, BBS.)
|l 3
|m 31
|o 813.6 HOS
|p 3010044510
|q 2026-06-02
|r 2026-04-05
|s 2026-04-05
|t 3
|w 2014-11-22
|y BK
|x Donated by Farhana Zahir, Assistant Professor, BBS, BRAC University; €7.99 ;
|